Personalizované odporúčanie na Webe

Salvato in:
Dettagli Bibliografici
Autore principale: Kanát, Oliver (Autore)
Altri autori: Kompan, Michal (Relatore della tesi)
Natura: Manoscritto Libro
Lingua:slovacco
Pubblicazione: 2020
Soggetti:
Accesso online:http://is.stuba.sk/zp/portal_zp.pl?podrobnosti=142034
Tags: Aggiungi Tag
Nessun Tag, puoi essere il primo ad aggiungerne!!

MARC

LEADER 00000ntm a22000003a 4500
001 stuzp80553
003 SK-STU
005 20200620211752.9
007 ta
008 150427s2015----xo-----f-mn---000-0-slo-d
040 |a STU  |b slo 
041 0 |a slo 
100 1 |a Kanát, Oliver  |u 070200  |4 aut  |U FIIT Fakulta informatiky a informačných technológií  |T FIIT Ústav informatiky, informačných systémov a softvérového inžinierstva  |X 92045  |U I200  |Y 179  |7 92045 
242 0 1 |a Personalized recommendation on the Web  |y eng 
245 1 0 |a Personalizované odporúčanie na Webe 
260 |c 2020 
650 4 |a vizuálna charakteristika  |2 slo 
650 4 |a neurónové siete  |2 slo 
650 4 |a odporúčací systém  |2 slo 
650 4 |a recommender system  |2 eng 
650 4 |a visual characteristic  |2 eng 
650 4 |a neural networks  |2 eng 
700 1 |a Kompan, Michal  |u 070200  |k Z1  |4 ths  |U FIIT Fakulta informatiky a informačných technológií  |T FIIT Ústav informatiky, informačných systémov a softvérového inžinierstva  |X 29626  |U I200  |Y 179  |7 29626 
856 4 |u http://is.stuba.sk/zp/portal_zp.pl?podrobnosti=142034